The philosophy of primary education : (Record no. 126362)

MARC details
000 -LEADER
fixed length control field 00769nam a22002297a 4500
005 - DATE AND TIME OF LATEST TRANSACTION
control field 20170124110008.0
010 ## - LIBRARY OF CONGRESS CONTROL NUMBER
LC control number 501194
020 ## - INTERNATIONAL STANDARD BOOK NUMBER
Terms of availability 00.00
International Standard Book Number 71004223X
035 ## - SYSTEM CONTROL NUMBER
System control number 501194
037 ## - SOURCE OF ACQUISITION
Source of stock number/acquisition Cen Lib/Ret
040 ## - CATALOGING SOURCE
Original cataloging agency DPL
Language of cataloging EN
082 ## - DEWEY DECIMAL CLASSIFICATION NUMBER
Classification number 372.01
Item number DEA
100 ## - MAIN ENTRY--PERSONAL NAME
Personal name Dearden, R.F.
9 (RLIN) 17337
245 ## - TITLE STATEMENT
Title The philosophy of primary education :
Statement of responsibility, etc by R.F. Dearden
Remainder of title an introduction /
260 ## - PUBLICATION, DISTRIBUTION, ETC. (IMPRINT)
Place of publication, distribution, etc London
Name of publisher, distributor, etc Routledge & Kengan Paul
Date of publication, distribution, etc 1968
270 ## - ADDRESS
Address Braodway House, 68-74 Carter Lane
City London
Postal code E.C.4
300 ## - PHYSICAL DESCRIPTION
Extent xi,194p.
Dimensions 21cm(Hb)
500 ## - GENERAL NOTE
General note Includes bibliographical references and index.
650 ## - SUBJECT ADDED ENTRY--TOPICAL TERM
Topical term or geographic name as entry element Education, Elementary--Curricula
9 (RLIN) 9013
650 ## - SUBJECT ADDED ENTRY--TOPICAL TERM
Topical term or geographic name as entry element Education, Elementary--Aims and objectives
9 (RLIN) 17338
942 ## - ADDED ENTRY ELEMENTS (KOHA)
Source of classification or shelving scheme Dewey Decimal Classification
Koha item type English Books
Classification part 372.01
Call number suffix DEA
Holdings
Withdrawn status Lost status Damaged status Not for loan Home library Current library Date acquired Source of acquisition Cost, normal purchase price Total Checkouts Full call number Barcode Date last seen Copy number Cost, replacement price Price effective from Koha item type Public note
Written off       Central Library Central Library 25/06/2015 Cen Lib/Ret 0.00   372.01 DEA 501194 25/06/2015 1 0.00 25/06/2015 English Books Written off on approval by DLB (By Circulation); dtd 15-06-2023

© Delhi Public Library
Hit Counter
free hit counter